Súčasné chápanie pojmu "kvalita" v kontexte podnikového vzdelávania

Pojem „kvalita“ chápaný zo strany podnikov pôsobiacich na území Slovenskej republiky v kontexte podnikového vzdelávania. Pojem „kvalita vzdelania / vzdelávania“. Kvalita vzdelávacieho procesu.

Na minha lista:
Detalhes bibliográficos
Autor principal: Sochanič, Vladislav
Formato: Capítulo de Livro
Idioma:eslovaco
Assuntos:
Tags: Adicionar Tag
Sem tags, seja o primeiro a adicionar uma tag!

MARC

LEADER 00000naa$a2200000$$$4500
001 0269406
005 20240502074224.8
041 0 |a slo 
044 |a SK 
245 1 0 |a Súčasné chápanie pojmu "kvalita" v kontexte podnikového vzdelávania 
520 |a Pojem „kvalita“ chápaný zo strany podnikov pôsobiacich na území Slovenskej republiky v kontexte podnikového vzdelávania. Pojem „kvalita vzdelania / vzdelávania“. Kvalita vzdelávacieho procesu. 
610 2 0 |a vzdelávanie 
610 2 0 |a kvalita vzdelávania 
610 2 0 |a podnik 
610 2 0 |a zamestnanci 
610 2 0 |a Slovensko 
100 1 |a Sochanič, Vladislav